LEADER 00698naa a2200193 u 4500 001 000000101833 003 CaOOAMICUS 005 20070226130208.0 008 060313s1988 enk u000 u eng u 035 $a11080669 040 $aIAR$bita 100 1 $aMeynell, Hugo A.$0(OLS)http://pul/name/63457 245 13$aAn approach to truth /$cHugo Meynell. 260 $aLondon :$bHeythrop College,$c1988. 300 $aS. 192-204 ;$c22 cm 730 4 $aThe Heythrop Journal$g[Spogli].$0(OLS)http://pul/title/102196 773 0 $tThe Heythrop Journal$kXXIX (1988)$w()77964 996 $6245$aAn approach to truth$9(OLS)http://pul/title/128740 996 $6260$aLondon :$bHeythrop College$9(OLS)http://pul/publisher/75281 LEADER 01690nam a2200325 u 4500 001 000000064031 003 CaOOAMICUS 005 20070226121318.0 008 011112s1897 gw u000 u grc u 035 $a10909581 040 $aPUL(R)$bita 041 0 $agrc$alat 100 0 $aAmmonius Hermeiou,$dattivo secoli 5.-6.$0(OLS)http://pul/name/7140 240 10$aIn Aristotelis De interpretatione commentarius$9(Ammonius Hermeiou, sec. VI).$0(OLS)http://pul/title/85343 245 10$aAmmonius In Aristotelis De iterpretatione commentarius /$cconsilio et auctoritate Academiae litterarum Regiae Borussicae ; edidit Adolfus Busse. 260 $aBerolini :$bReimer,$c1897. 300 $aliv, 316 p. ;$c25 cm 490 1 $aCommentaria in Aristotelem graeca ;$v4, 5 500 $aInclude apparato critico. 600 04$aAristoteles,$d384-322 a.C.$tDe interpretatione$9(Aristoteles, 384-322 a.C.).$0(OLS)http://pul/subject/7097 700 1 $aBusse, Adolfus.$0(OLS)http://pul/name/43299 740 0 $aIn Aristotelis De interpretatione commentarius. 830 0$aCommentaria in Aristotelem graeca ;$v4, 5.$0(OLS)http://pul/title/26001 850 $aPUL 852 $aPUL$W1$xDP2 Filosofia 1$y62$m82 D 16$j83063$nBK-PRI$b $qStampati$B83063$CPULBib$Z2$F83063 $82 941 1 $a15 961 $aTimbri: Bibliotheca P. Athenaeum Seminarii Rom. Precedente collocazione abrasa su targhetta rettangolare bordata di azzurro. 996 $6245$aAmmonius In Aristotelis De iterpretatione commentarius$9(OLS)http://pul/title/85344 996 $6740$aIn Aristotelis De interpretatione commentarius$9(OLS)http://pul/title/85345 996 $6260$aBerolini :$bReimer$9(OLS)http://pul/publisher/55634